000 00632nam a22002177a 4500
003 OSt
005 20150907131533.0
008 130130t xxu||||| |||| 00| 0 eng d
020 _a9789715847254
050 _aPL 6055
_b.Al366 2008
082 _aFIL 808.0427
_bAl367 2008
100 _aAlejo, Carmelita T.
245 _aPagbasa at pagsulat tungo sa pananaliksik /
_cCarmelita T. Alejo (and 4 others).
250 _aBinagong edisyon.
260 _aManila :
_bC & E Publishing,
_c2008.
300 _a279 pages :
_c22 cm.
_billustrations ;
526 _c1210L-1700L
562 _e1
942 _2lcc
_cBK
_kFIL
999 _c17461
_d17461